000 00558nam a2200217Ia 4500
003 OSt
005 20220928145401.0
006 a|||||r|||| 00| 0
007 ta
008 220927b |||||||| |||| 00| 0 eng d
024 _a80490
037 _cTextual
040 _aSDCL
_cSDCL
_beng
041 _2eng
_aeng
082 _aV45:19(zP)'N7, M1
100 _aChubin Shahram Ed.
_9512863
245 0 _aDomestic political factors
260 _c1981
942 _hV45:19(zP)'N7, M1
_cTEXL
_2CC
999 _c833513
_d833513